AH International Schools' Libraries

The woeful second world war / (Record no. 40404)

MARC details
000 -LEADER
fixed length control field 00440nam a2200145 4500
020 ## - INTERNATIONAL STANDARD BOOK NUMBER
International Standard Book Number 9780702307348
100 ## - MAIN ENTRY--PERSONAL NAME
Personal name Deary, Terry
9 (RLIN) 35843
245 ## - TITLE STATEMENT
Title The woeful second world war /
Statement of responsibility, etc Terry Deary
260 ## - PUBLICATION, DISTRIBUTION, ETC. (IMPRINT)
Place of publication, distribution, etc London:
Name of publisher, distributor, etc Scholastic;
Date of publication, distribution, etc 2021.
300 ## - PHYSICAL DESCRIPTION
Extent 179 p.
Other physical details ill.
Dimensions 20 cm.
490 ## - SERIES STATEMENT
Series statement Horrible Histories;
650 ## - SUBJECT ADDED ENTRY--TOPICAL TERM
Topical term or geographic name as entry element Scotland. Juvenile Literature.
Form subdivision History
9 (RLIN) 73625
700 ## - ADDED ENTRY--PERSONAL NAME
Relator code illustrator.
Personal name Martin Brown.
9 (RLIN) 84534
942 ## - ADDED ENTRY ELEMENTS (KOHA)
Source of classification or shelving scheme
Koha item type NON FIC SECTION
Holdings
Withdrawn status Lost status Source of classification or shelving scheme Damaged status Not for loan Collection code Home library Current library Date acquired Total Checkouts Total Renewals Full call number Barcode Date last seen Date checked out Price effective from Koha item type
          Non-Fiction Asian Hope Secondary Library Asian Hope Secondary Library 01/15/2020 11 2 940.53 DEA 208607 01/22/2024 01/22/2024 01/15/2020 NON FIC SECTION

For any Logos Library related questions please contact Miss Art at swongnarasuk@asianhope.org.

For any Asian Hope Library related questions please contact Miss Raza at graza@asianhope.org.

Powered by Koha